Knihovní obzor : čtvrtletník Státní vědecké knihovny Olomouc

Nový název: Krok
Předchozí název: Z knihovnické praxe
Korporativní autor: Státní vědecká knihovna (Olomouc, Česko)
Další autoři: Vědecká knihovna (Olomouc, Česko)
Jazyk: Čeština
Vydáno: Olomouc : Státní vědecká knihovna, 1993-2003
Témata:
Externí odkaz: www.vkol.cz
Fyzický popis: 11 sv. ; 21 cm
Odebírané ročníky: 1993-2003
Odebírané svazky: 1-11
Noviny a časopisy
Uloženo v:
LEADER 02778nas a2200493 a 4500
001 000155501
003 CZ BrMZK
005 20090520090303.0
008 010907d19932003xr qr p 0 0cze d
015 |a cnb000356720 
022 |a 1210-5791 
040 |a BOA001  |b cze 
080 |a 02(05)  |2 MRF 
245 0 0 |a Knihovní obzor :  |b čtvrtletník Státní vědecké knihovny Olomouc 
246 3 3 |a Rego 
260 |a Olomouc :  |b Státní vědecká knihovna,  |c 1993-2003 
300 |a 11 sv. ;  |c 21 cm 
310 |a 4x ročně 
362 0 |a Roč. 1, č. 1 (1993), 1993 - roč. 11, č. 4 (2003) 
500 |a Period. příl.: Rego (výročí literátů). - Navazuje na čas.: Z knihovnické praxe 
500 |a Podnáz. od r. 2002: Čtvrtletník Vědecké knihovny v Olomouci 
500 |a Vydav. od r. 2002: Vědecká knihovna Olomouc 
653 0 |a knihovnictví  |a knihovny 
710 2 |a Státní vědecká knihovna (Olomouc, Česko)  |7 kn20010709331 
710 2 |a Vědecká knihovna (Olomouc, Česko)  |7 ko20010092588 
770 0 |t Rego 
780 0 2 |t Z knihovnické praxe 
785 0 0 |t Krok 
856 4 1 |u http://www.vkol.cz  |y www.vkol.cz 
910 |a BOA001  |b 00513-1003.796  |r 1993-2003  |s 1-11 
964 |a Knihovnictví  |x časopisy 
964 |a Knihovny  |x časopisy 
990 |a SE 
996 6 |b 2610071275  |c 00513-1003.796  |d 1996 4 1-4  |v 4  |y 1996  |l MZK  |r Sklad / do 1 hodiny  |n 2  |w 000155501  |u 000040  |a 1  |e BOA001  |j MZK50  |s P 
996 6 |b 2610071276  |c 00513-1003.796  |d 1997 5 1-4  |v 5  |y 1997  |l MZK  |r Sklad / do 1 hodiny  |n 2  |w 000155501  |u 000050  |a 1  |e BOA001  |j MZK50  |s P 
996 6 |b 2610093308  |c 00513-1003.796  |d 1998 6 1-4  |v 6  |y 1998  |l MZK  |r Sklad / do 1 hodiny  |n 2  |p p.v.  |w 000155501  |u 000060  |a 1  |e BOA001  |j MZK50  |s P 
996 6 |b 2610112582  |c 00513-1003.796  |d 1999 7 1-4  |v 7  |y 1999  |l MZK  |r Sklad / do 1 hodiny  |n 3  |p p.v.  |w 000155501  |u 000070  |a 1  |e BOA001  |j MZK50  |s P 
996 6 |b 2610139221  |c 00513-1003.796  |d 2000 8 1-4  |v 8  |y 2000  |l MZK  |r Sklad / do 1 hodiny  |n 2  |p p.v.  |w 000155501  |u 000080  |a 1  |e BOA001  |j MZK50  |s P 
996 6 |b 2610157256  |c 00513-1003.796  |d 2001 9 1-4  |v 9  |i 1-4  |y 2001  |l MZK  |r Sklad / do 1 hodiny  |n 2  |w 000155501  |u 000160  |a 1  |e BOA001  |j MZK50  |s P 
996 6 |b 2610193055  |c 00513-1003.796  |d 2002 10 1-4  |v 10  |i 1-4  |y 2002  |l MZK  |r Sklad / do 1 hodiny  |n 4  |p p.v.  |w 000155501  |u 000210  |a 1  |e BOA001  |j MZK50  |s P 
996 6 |b 2610227314  |c 00513-1003.796  |d 2003 11 1-4  |v 11  |i 1-4  |y 2003  |l MZK  |r Sklad / do 1 hodiny  |n 3  |p p.v.  |w 000155501  |u 000240  |a 1  |e BOA001  |j MZK50  |s P 
996 6 |b 2619766157  |c 00513-1003.796  |d 1994 2 l-3  |v 2  |y 1994  |l MZK  |r Sklad / do 1 hodiny  |n 4  |w 000155501  |u 000020  |a 1  |e BOA001  |j MZK50  |s P 
996 6 |b 2619766158  |c 00513-1003.796  |d 1995 3  |v 3  |y 1995  |l MZK  |r Sklad / do 1 hodiny  |n 4  |w 000155501  |u 000030  |a 1  |e BOA001  |j MZK50  |s P 
996 6 |b 2619824374  |c 00513-1003.796  |d 1993 1  |v 1  |y 1993  |l MZK  |r Sklad / do 1 hodiny  |n 4  |w 000155501  |u 000010  |a 1  |e BOA001  |j MZK50  |s P